| 000 | 00780nas a2200241Ia 4500 | ||
|---|---|---|---|
| 001 | R010/67502 | ||
| 003 | IT-RoPAU | ||
| 008 | 151124c99999999xx |||||||||||| ||und|| | ||
| 040 | _aIT-RoPAU | ||
| 040 | _cIT-RoPAU | ||
| 041 | _aITALIANO | ||
| 100 |
_aDe Santis Giuseppe _gCodice Aut. SPICS: 7279 |
||
| 210 | _aCINEMA NUOVO | ||
| 222 | _aCinema Nuovo | ||
| 245 |
_aCINEMA NUOVO, ANNO 18-N.201 (SETTEMBRE-OTTOBRE 1969) _bRipensando Ai Tempi di "Cinema" Prima Serie |
||
| 250 | _a1a ed. | ||
| 260 |
_aMILANO _bCINEMA NUOVO _c1969 |
||
| 501 |
_bPaulus - SPICS - Società San Paolo EM (non-commercial uses only) _cCopyright2015 |
||
| 300 | _a5 p. [371-375] | ||
| 362 | _aANNO 018, N.201 (SETTEMBRE-OTTOBRE 1969) | ||
| 650 |
_aCINEMA _vPUBBLICAZIONE PERIODICA |
||
| 942 | _cCR | ||
| 999 |
_c140411 _d140411 |
||